Điều chế Chitin/ Chitosan từ vỏ tôm và nghiên cứu ứng dụng xử lý ô nhiễm Cu2+ và Cd2+ trong nước
Nguồn gốc, cấu trúc, tính chất vật lý, điều chế Chitin/ Chitosan. Một số biến tính của Chitin/ Chitosan. Ứng dụng và độ độc của Chitin/ Chitosan. Hấp thụ ion kim loại nặng bằng Chitin/ Chitosan...
Guardat en:
| Autor principal: | |
|---|---|
| Altres autors: | |
| Format: | Llibre |
| Idioma: | Vietnamese |
| Publicat: |
Đà Nẵng
Đại học Sư phạm
2010
|
| Matèries: | |
| Etiquetes: |
Afegir etiqueta
Sense etiquetes, Sigues el primer a etiquetar aquest registre!
|
| Thư viện lưu trữ: | Mạng thư viện Đại học Đà Nẵng |
|---|
| LEADER | 01544nam a2200349 4500 | ||
|---|---|---|---|
| 001 | 000012482 | ||
| 003 | 8783 | ||
| 005 | 20120221080258.0 | ||
| 008 | 120221s2010 viesd | ||
| 041 | |a vie | ||
| 072 | |a Khóa luận tốt nghiệp | ||
| 082 | |a 628.1682 |b TR-B | ||
| 100 | |a Trần, Thanh Biển |e Tác giả | ||
| 245 | |a Điều chế Chitin/ Chitosan từ vỏ tôm và nghiên cứu ứng dụng xử lý ô nhiễm Cu2+ và Cd2+ trong nước |c Trần Thanh Biển | ||
| 260 | |a Đà Nẵng |b Đại học Sư phạm |c 2010 | ||
| 300 | |a 44 tr. |b Hình ảnh |c 29 cm | ||
| 500 | |a Khóa luận tốt nghiệp khoa Hóa. Lớp 06 SHH | ||
| 520 | |a Nguồn gốc, cấu trúc, tính chất vật lý, điều chế Chitin/ Chitosan. Một số biến tính của Chitin/ Chitosan. Ứng dụng và độ độc của Chitin/ Chitosan. Hấp thụ ion kim loại nặng bằng Chitin/ Chitosan... | ||
| 653 | |a Điều chế | ||
| 653 | |a Chitin/ Chitosan | ||
| 653 | |a Xử lý ô nhiễm | ||
| 700 | |a Trần Mạnh Lục |c T.S |e Hướng dẫn | ||
| OWN | |a LSP | ||
| AVA | |a UDN50 |b LSP |d 628.1682 TR-B |e available |t Error 5001 Not defined in file expand_doc_bib_avail. |f 1 |g 0 |h N |i 0 |k 1 | ||
| 999 | |a From the UDN01 | ||
| AVA | |a UDN50 |b LSP |d 628.1682 TR-B |e available |t Error 5001 Not defined in file expand_doc_bib_avail. |f 1 |g 0 |h N |i 0 |k 1 | ||
| TYP | |a Monograph | ||
| TYP | |a Printed language | ||
| 980 | |a Mạng thư viện Đại học Đà Nẵng | ||